[Event "Rottach Egern Seniors Cup 12th"]
[Site "Rottach Egern"]
[Date "2024.04.09"]
[Round "4"]
[White "Flockerzi, Armin"]
[Black "Doeserich, Juergen"]
[Result "0-1"]
[WhiteElo "1824"]
[BlackElo "1933"]
[PlyCount "98"]
[EventDate "2024.04.06"]
[EventType "swiss"]
[EventRounds "9"]
[EventCountry "GER"]
[SourceTitle "CB16_2024"]
[SourceDate "2024.04.17"]
[SourceVersion "1"]
[SourceVersionDate "2024.04.17"]
[SourceQuality "1"]

1. d4 Nf6 2. Nf3 e6 3. g3 b6 4. Bg2 Bb7 5. Bg5 Be7 6. c3 d6 7. Nbd2 Nbd7 8. 0-0 h6 9. Bxf6 Nxf6 10. Re1 Ne4 11. Qa4+ Kf8 12. Nxe4 Bxe4 13. Nd2 Bxg2 14. Kxg2 c5 15. Nf3 g5 16. dxc5 bxc5 17. Rad1 Qc7 18. Qc2 Rb8 19. b3 g4 20. Nd2 h5 21. e4 h4 22. Nf1 Qc6 23. Kg1 Bf6 24. Qd3 Ke7 25. Ne3 Rbg8 26. Nd5+ Qxd5 27. exd5 e5 28. Re4 Rg6 29. Qe2 Rhg8 30. Rf1 Bh8 31. Qa6 f5 32. Qxa7+ Kf6 33. Re2 e4 34. Qd7 Kg5 35. gxh4+ Kf4 36. Re3 Be5 37. Qb5 Bf6 38. Qe2 Bxh4 39. Rg3 Ke5 40. c4 f4 41. Rc3 Kf5 42. Re1 Re8 43. Rc2 Bf6 44. a3 Bd4 45. Kh1 Rh6 46. Rg1 f3 47. Qd2 Rxh2+ 48. Kxh2 Rh8+ 49. Kg3 Be5+ 0-1

[Event "Rottach Egern Seniors Cup 12th"]
[Site "Rottach Egern"]
[Date "2024.04.06"]
[Round "1"]
[White "Doeserich, Juergen"]
[Black "Giacchino, Claudio"]
[Result "1-0"]
[WhiteElo "1933"]
[BlackElo "1695"]
[PlyCount "97"]
[EventDate "2024.04.06"]
[EventType "swiss"]
[EventRounds "9"]
[EventCountry "GER"]
[SourceTitle "CB16_2024"]
[SourceDate "2024.04.17"]
[SourceVersion "1"]
[SourceVersionDate "2024.04.17"]
[SourceQuality "1"]

1. d4 d5 2. c4 e6 3. Nc3 c6 4. e3 Nf6 5. Nf3 a6 6. a4 Nbd7 7. Bd3 Be7 8. 0-0 0-0 9. Qc2 dxc4 10. Bxc4 Nd5 11. e4 Nxc3 12. bxc3 c5 13. Bf4 b6 14. d5 exd5 15. exd5 Bb7 16. Rad1 Bf6 17. Rfe1 Re8 18. Qb3 Nf8 19. Rxe8 Qxe8 20. Re1 Qd7 21. Rd1 Rd8 22. Bg3 Ne6 23. Ne5 Bxe5 24. Bxe5 f6 25. Bg3 Kf8 26. Qxb6 Qxa4 27. Bb3 Qb5 28. Qxb5 axb5 29. dxe6 Rxd1+ 30. Bxd1 Ke7 31. Bc2 g6 32. Bb3 c4 33. Bc2 Kxe6 34. f3 Bc8 35. Kf2 f5 36. Bc7 Bb7 37. f4 Bc6 38. Ba5 Bd7 39. Bd1 Be8 40. Bf3 h5 41. Ke3 Bd7 42. Kd4 Be8 43. Kc5 Bd7 44. Bd5+ Ke7 45. h4 Be8 46. Bc7 Kd7 47. Be5 Kd8 48. Bc6 Bf7 49. Bxb5 1-0

[Event "Kiel op 34th"]
[Site "Kiel"]
[Date "2022.08.04"]
[Round "8"]
[White "Doeserich, Juergen"]
[Black "Dietrich, Leif"]
[Result "1/2-1/2"]
[WhiteElo "1945"]
[BlackElo "1857"]
[PlyCount "101"]
[EventDate "2022.07.30"]
[EventType "swiss"]
[EventRounds "9"]
[EventCountry "GER"]
[SourceTitle "CBM 209 Extra"]
[Source "ChessBase"]
[SourceDate "2022.09.30"]
[SourceVersion "1"]
[SourceVersionDate "2022.09.30"]
[SourceQuality "1"]

1. d4 Nf6 2. Nf3 g6 3. g3 Bg7 4. Bg2 0-0 5. 0-0 d5 6. c4 Nc6 7. cxd5 Nxd5 8. e4 Nb6 9. d5 Na5 10. Na3 c6 11. Qe1 Nac4 12. Nxc4 Nxc4 13. Qb4 cxd5 14. exd5 Nd6 15. Rd1 Bd7 16. Bg5 h6 17. Be3 a5 18. Qb3 a4 19. Qb4 Qa5 20. Qa3 Rfe8 21. Qd3 Bb5 22. Qd2 Qxd2 23. Rxd2 Nc4 24. Rc2 Nxe3 25. fxe3 a3 26. Nd4 Bd3 27. Rd2 axb2 28. Rxb2 b5 29. Rd1 Bc4 30. d6 Ra6 31. d7 Rd8 32. Bb7 Ra7 33. Bc8 Raxd7 34. Bxd7 Rxd7 35. Rbd2 Ra7 36. Nb3 Ra3 37. Rd8+ Kh7 38. Rb8 Rxa2 39. Nd4 Ra3 40. Re1 Rxe3 41. Rxe3 Bxd4 42. Kf2 h5 43. Rb7 e5 44. Rc7 Be6 45. Rb7 Bc4 46. Re7 Kg7 47. R7xe5 Kf6 48. R5e4 Bxe3+ 49. Kxe3 Kg5 50. h4+ Kf5 51. Kd4 1/2-1/2

[Event "Kiel op 34th"]
[Site "Kiel"]
[Date "2022.08.02"]
[Round "6"]
[White "Doeserich, Juergen"]
[Black "Ghadimi, Mohammed Reza"]
[Result "0-1"]
[WhiteElo "1945"]
[BlackElo "2147"]
[PlyCount "66"]
[EventDate "2022.07.30"]
[EventType "swiss"]
[EventRounds "9"]
[EventCountry "GER"]
[SourceTitle "CBM 209 Extra"]
[Source "ChessBase"]
[SourceDate "2022.09.30"]
[SourceVersion "1"]
[SourceVersionDate "2022.09.30"]
[SourceQuality "1"]

1. d4 Nf6 2. c4 e6 3. Nf3 Bb4+ 4. Nbd2 b6 5. a3 Bxd2+ 6. Qxd2 Bb7 7. e3 d6 8. Be2 Nbd7 9. 0-0 0-0 10. b3 Qe7 11. Bb2 Ne4 12. Qc2 f5 13. Rad1 Rf6 14. d5 e5 15. Nh4 g6 16. f4 Rf7 17. Nf3 Re8 18. Rfe1 Qf6 19. b4 g5 20. g3 Qg6 21. Bd3 gxf4 22. exf4 exf4 23. Nh4 Qh5 24. Nxf5 Rxf5 25. Bxe4 Rff8 26. g4 Qh4 27. Qf2 Qg5 28. Kh1 Ne5 29. Qd4 Bc8 30. Rg1 f3 31. Rdf1 Rf6 32. Bxf3 Rxf3 33. Rxf3 Nxf3 0-1

[Event "Innsbruck op 5th"]
[Site "Innsbruck"]
[Date "2021.08.22"]
[Round "2"]
[White "Perman, Sergey"]
[Black "Doeserich, Juergen"]
[Result "1/2-1/2"]
[WhiteElo "2168"]
[BlackElo "2039"]
[PlyCount "92"]
[EventDate "2021.08.21"]
[EventType "swiss"]
[EventRounds "9"]
[EventCountry "AUT"]
[SourceTitle "CBM 204 Extra"]
[Source "ChessBase"]
[SourceDate "2021.11.30"]
[SourceVersion "1"]
[SourceVersionDate "2021.11.30"]
[SourceQuality "1"]

1. e4 c5 2. Nf3 d6 3. d4 cxd4 4. Nxd4 Nf6 5. Nc3 a6 6. Be2 e5 7. Nb3 Be7 8. g4 Be6 9. g5 Nfd7 10. Rg1 Nc6 11. Be3 b5 12. Qd2 Nc5 13. f3 h6 14. h4 hxg5 15. hxg5 Na4 16. Nd5 Rc8 17. 0-0-0 Bxd5 18. exd5 Nb8 19. Rh1 Rxh1 20. Rxh1 Bf8 21. f4 Nd7 22. Bg4 Rc7 23. g6 f6 24. Be6 Ndc5 25. Nxc5 Nxc5 26. Bxc5 Rxc5 27. Rh8 Ke7 28. Kb1 Rc4 29. fxe5 dxe5 30. Bf7 Rf4 31. a3 Qd6 32. c3 f5 33. Qc2 Kf6 34. Rh5 Be7 35. Qh2 e4 36. Be6 Qe5 37. Qg2 Rg4 38. Qxg4 fxg4 39. Rxe5 Kxe5 40. Bxg4 Kxd5 41. Kc2 Bg5 42. Bc8 a5 43. Bb7+ Ke5 44. b4 axb4 45. axb4 e3 46. Kd3 Kd6 1/2-1/2

[Event "GER-ch Seniors 50 32nd"]
[Site "Magdeburg"]
[Date "2020.08.16"]
[Round "3"]
[White "Doeserich, Juergen"]
[Black "Lindam, Ingo"]
[Result "0-1"]
[WhiteElo "2034"]
[BlackElo "2142"]
[PlyCount "84"]
[EventDate "2020.08.14"]
[EventType "swiss"]
[EventRounds "9"]
[EventCountry "GER"]
[SourceTitle "EXT 2021"]
[Source "ChessBase"]
[SourceDate "2020.10.23"]
[SourceVersion "1"]
[SourceVersionDate "2020.10.23"]
[SourceQuality "1"]

1. d4 Nf6 2. c4 g6 3. Nc3 Bg7 4. e4 d6 5. Nf3 0-0 6. Be2 Na6 7. 0-0 e5 8. Be3 Ng4 9. Bg5 Qe8 10. dxe5 dxe5 11. h3 h6 12. Bc1 Nf6 13. Be3 Qe7 14. Qc2 c6 15. Rad1 Nh5 16. c5 Nc7 17. Rd6 Be6 18. Rfd1 Nf4 19. Bf1 Qf6 20. Ne1 Qe7 21. Kh2 f5 22. g3 Nh5 23. Bg2 f4 24. Bc1 fxg3+ 25. fxg3 Ne8 26. Be3 Nxd6 27. cxd6 Qd7 28. Nd3 b6 29. Nb4 a5 30. Nd3 c5 31. Nf2 Nf6 32. Bf1 Rad8 33. Nb5 Ne8 34. b3 Kh7 35. Qd2 Qc6 36. Bc4 Bxc4 37. bxc4 Rf6 38. d7 Nc7 39. Ng4 Rf7 40. Nxc7 Qxc7 41. Bxh6 Rfxd7 42. Qg5 Rxd1 0-1

[Event "Pfalz op-A 11th"]
[Site "Neustadt an der Weinstrasse"]
[Date "2020.02.21"]
[Round "1"]
[White "Kueppers, Timo"]
[Black "Doeserich, Juergen"]
[Result "0-1"]
[WhiteElo "2301"]
[BlackElo "2008"]
[PlyCount "72"]
[EventDate "2020.02.21"]
[EventType "swiss"]
[EventRounds "9"]
[EventCountry "GER"]
[SourceTitle "CBM 195 Extra"]
[Source "ChessBase"]
[SourceDate "2020.05.31"]
[SourceVersion "1"]
[SourceVersionDate "2020.05.31"]
[SourceQuality "1"]

1. c4 c5 2. Nf3 Nf6 3. Nc3 d5 4. cxd5 Nxd5 5. g3 Nc6 6. Bg2 e5 7. Nxe5 Nxc3 8. Nxc6 Nxd1 9. Nxd8 Nxb2 10. Nxb7 Rb8 11. Bxb2 Bxb7 12. Bxb7 Rxb7 13. Bc3 h5 14. 0-0 Rh6 15. f4 Re6 16. e3 f5 17. Kf2 Kf7 18. Rfb1 Reb6 19. Rb3 Rxb3 20. axb3 Be7 21. Ra5 g6 22. Ke2 Rxb3 23. Rxa7 Rb1 24. Ra1 Rxa1 25. Bxa1 Ke6 26. d3 Kd5 27. Kf3 c4 28. e4+ Kc5 29. d4+ Kb4 30. e5 c3 31. d5 Bc5 32. d6 Kb3 33. d7 Be7 34. Ke2 c2 35. Kd2 Bb4+ 36. Ke2 Ba5 0-1

[Event "Wiesbaden op 30th"]
[Site "Wiesbaden"]
[Date "2018.08.24"]
[Round "2"]
[White "Doeserich, Juergen"]
[Black "Inkiov, Ventzislav"]
[Result "0-1"]
[WhiteElo "2033"]
[BlackElo "2425"]
[PlyCount "74"]
[EventDate "2018.08.23"]
[EventType "swiss"]
[EventRounds "7"]
[EventCountry "GER"]
[SourceTitle "CBM 186 Extra"]
[Source "ChessBase"]
[SourceDate "2018.08.24"]
[SourceVersion "1"]
[SourceVersionDate "2018.08.24"]
[SourceQuality "1"]

1. d4 Nf6 2. c4 e6 3. Nf3 d5 4. Nc3 Bb4 5. cxd5 exd5 6. Qc2 c5 7. Bg5 Nbd7 8. e3 Qa5 9. Bd3 c4 10. Bf5 0-0 11. 0-0 g6 12. Bxd7 Nxd7 13. a3 Bxc3 14. bxc3 Nb6 15. e4 Bg4 16. Ne5 Be6 17. Bf6 dxe4 18. Qxe4 Nd5 19. Qh4 Qxc3 20. Rac1 Qxa3 21. Nxc4 Qa6 22. Be5 f6 23. Bg3 Rac8 24. Nd6 Rxc1 25. Rxc1 Nc3 26. Re1 Ne2+ 27. Kh1 g5 28. Qe4 Nxg3+ 29. hxg3 Qxd6 30. Qxe6+ Qxe6 31. Rxe6 Kf7 32. Re3 Rd8 33. Rb3 b6 34. Ra3 a5 35. Rb3 Rb8 36. Ra3 Ke6 37. g4 Ra8 0-1

[Event "Baden-ch op"]
[Site "Walldorf"]
[Date "2017.07.28"]
[Round "4"]
[White "Feil, Stephan"]
[Black "Doeserich, Juergen"]
[Result "1/2-1/2"]
[WhiteElo "2108"]
[BlackElo "2003"]
[PlyCount "109"]
[EventDate "2017.07.26"]
[EventType "swiss"]
[EventRounds "7"]
[EventCountry "GER"]
[SourceTitle "CBM 179 Extra"]
[Source "ChessBase"]
[SourceDate "2017.08.23"]
[SourceVersion "1"]
[SourceVersionDate "2017.08.23"]
[SourceQuality "1"]

1. e4 c5 2. Nf3 e6 3. d3 d5 4. Qe2 dxe4 5. dxe4 Nc6 6. c3 Qc7 7. g3 e5 8. Bg2 Nge7 9. 0-0 Bg4 10. Rd1 Rd8 11. Rxd8+ Qxd8 12. Na3 Qc8 13. Nc4 Ng6 14. Ne3 Bd7 15. Nd5 Bd6 16. Be3 b6 17. Rd1 Bb8 18. Ng5 f6 19. Nf3 0-0 20. b4 cxb4 21. cxb4 Be6 22. Qb5 Nce7 23. Ne1 Qe8 24. Qd3 Qa4 25. a3 Rc8 26. Rc1 Rxc1 27. Bxc1 Qd7 28. Bb2 Kf7 29. Nc2 b5 30. Nce3 a6 31. a4 Ba7 32. axb5 axb5 33. Bf1 Bxe3 34. Nxe3 Qxd3 35. Bxd3 Bd7 36. Bc3 Nc8 37. Nd5 Nge7 38. Nc7 Nd6 39. f4 Ng6 40. f5 Ne7 41. Kf2 Bc6 42. Ke3 Nec8 43. Ne6 Bd7 44. Nc5 Bc6 45. g4 Nb6 46. h4 Nbc4+ 47. Kf3 h6 48. Ke2 Kg8 49. Kf2 Kf7 50. Kf3 Kg8 51. Ne6 Bd7 52. Nc5 Bc6 53. Ne6 Bd7 54. Nc5 Bc6 55. Ne6 1/2-1/2

[Event "Baden-ch op"]
[Site "Walldorf"]
[Date "2017.07.27"]
[Round "2"]
[White "Karl, Winfried"]
[Black "Doeserich, Juergen"]
[Result "0-1"]
[WhiteElo "2086"]
[BlackElo "2003"]
[PlyCount "54"]
[EventDate "2017.07.26"]
[EventType "swiss"]
[EventRounds "7"]
[EventCountry "GER"]
[SourceTitle "CBM 179 Extra"]
[Source "ChessBase"]
[SourceDate "2017.08.23"]
[SourceVersion "1"]
[SourceVersionDate "2017.08.23"]
[SourceQuality "1"]

1. Nf3 Nf6 2. c4 c5 3. g3 d5 4. cxd5 Nxd5 5. Bg2 Nc6 6. 0-0 e5 7. d3 Be7 8. Nc3 Be6 9. Qa4 f6 10. a3 Qd7 11. Nxd5 Bxd5 12. Bd2 a6 13. Rfb1 Rd8 14. Be3 0-0 15. Qc2 Rc8 16. Qd2 Nd4 17. Bxd4 cxd4 18. Rc1 Bb3 19. Rxc8 Rxc8 20. Rc1 b6 21. Rxc8+ Qxc8 22. e3 dxe3 23. Qxe3 Qc2 24. Qd2 a5 25. Bf1 Bc5 26. Be2 Qb1+ 27. Ne1 Bd4 0-1

[Event "Stuttgart op 22nd"]
[Site "Ditzingen"]
[Date "2017.05.25"]
[Round "1"]
[White "Schroeder, Jan Christian"]
[Black "Doeserich, Juergen"]
[Result "1-0"]
[WhiteElo "2516"]
[BlackElo "2013"]
[PlyCount "85"]
[EventDate "2017.05.25"]
[EventType "swiss"]
[EventRounds "7"]
[EventCountry "GER"]
[SourceTitle "EXT 2018"]
[Source "ChessBase"]
[SourceDate "2017.10.13"]
[SourceVersion "1"]
[SourceVersionDate "2017.10.13"]
[SourceQuality "1"]

1. e4 c5 2. Nf3 e6 3. d4 cxd4 4. Nxd4 Nc6 5. Nc3 Qc7 6. Be3 a6 7. Be2 b5 8. Nxc6 Qxc6 9. a3 Bb7 10. Qd2 d6 11. 0-0 Nf6 12. f3 Be7 13. a4 b4 14. Na2 d5 15. e5 Nd7 16. Nxb4 Qc7 17. f4 a5 18. Nd3 0-0 19. Bd4 Rfc8 20. c3 Ba6 21. b4 Bc4 22. b5 g6 23. Rab1 Nb6 24. Ra1 Qb7 25. Qe3 Bxd3 26. Bxd3 Nc4 27. Qf2 Rab8 28. g4 Qc7 29. Rae1 Qd8 30. Re2 Kh8 31. Qf3 Nb6 32. f5 Nxa4 33. Bc2 Nc5 34. Qh3 Qg8 35. fxg6 fxg6 36. Rf6 Ne4 37. Rxe4 dxe4 38. Bxe4 Bxf6 39. exf6 Qf7 40. Bxg6 Qxg6 41. f7+ Qg7 42. Qe3 Rf8 43. Qe5 1-0

[Event "Rheinland Pfalz op 8th"]
[Site "Reil an der Mosel"]
[Date "2016.05.28"]
[Round "5"]
[White "Doeserich, Juergen"]
[Black "Milanovic, Milan"]
[Result "1-0"]
[WhiteElo "2027"]
[BlackElo "1841"]
[PlyCount "93"]
[EventDate "2016.05.26"]
[EventType "swiss"]
[EventRounds "7"]
[EventCountry "GER"]
[SourceTitle "EXT 2018"]
[Source "ChessBase"]
[SourceDate "2017.10.13"]
[SourceVersion "1"]
[SourceVersionDate "2017.10.13"]
[SourceQuality "1"]

1. d4 e6 2. c4 Nf6 3. Nc3 d5 4. cxd5 exd5 5. Bg5 Be7 6. e3 Bf5 7. Bxf6 Bxf6 8. Qb3 c6 9. Qxb7 Qb6 10. Qxb6 axb6 11. Nf3 Nd7 12. Rc1 Ke7 13. a3 Rhb8 14. Be2 Kd6 15. 0-0 b5 16. Na2 Nb6 17. Nb4 Bd7 18. Ne5 Bxe5 19. dxe5+ Kc7 20. Bxb5 Nc4 21. Bxc4 dxc4 22. Rxc4 Re8 23. Rfc1 Re6 24. f4 f5 25. Nd5+ Kd8 26. Nb6 Rb8 27. Nxd7 Kxd7 28. b4 Kc7 29. a4 Kb6 30. b5 cxb5 31. axb5 Rbe8 32. Rc6+ Kxb5 33. R6c2 Kb6 34. Rb2+ Ka7 35. Rc7+ Ka8 36. Rxg7 R8e7 37. Rg8+ Ka7 38. Rf8 Ra6 39. Rxf5 Ra1+ 40. Kf2 Ka6 41. Rf6+ Ka5 42. Rf8 Ra7 43. e6 Ka4 44. Rf7 Ra8 45. e7 Ka3 46. Rb7 Ra2+ 47. Kf3 1-0

[Event "Rheinland Pfalz op 8th"]
[Site "Reil an der Mosel"]
[Date "2016.05.27"]
[Round "3"]
[White "Doeserich, Juergen"]
[Black "Boidman, Yuri"]
[Result "1/2-1/2"]
[WhiteElo "2027"]
[BlackElo "2333"]
[PlyCount "136"]
[EventDate "2016.05.26"]
[EventType "swiss"]
[EventRounds "7"]
[EventCountry "GER"]
[SourceTitle "EXT 2018"]
[Source "ChessBase"]
[SourceDate "2017.10.13"]
[SourceVersion "1"]
[SourceVersionDate "2017.10.13"]
[SourceQuality "1"]

1. d4 Nf6 2. c4 d6 3. Nf3 Nbd7 4. Nc3 e5 5. e4 Be7 6. Be2 0-0 7. 0-0 c6 8. Re1 a6 9. Bf1 b5 10. d5 cxd5 11. cxd5 Ne8 12. Bd3 g6 13. Bh6 Ng7 14. b4 f5 15. Nd2 Bg5 16. Bxg5 Qxg5 17. a4 bxa4 18. Nc4 Ne8 19. f3 Ndf6 20. Nb6 fxe4 21. Nxc8 exf3 22. Ne7+ Kg7 23. Qxf3 Nh5 24. Qe3 Qxe7 25. Rxa4 Nef6 26. h3 Qb7 27. g3 Nxd5 28. Be4 Nxe3 29. Bxb7 Rab8 30. Rxe3 Rxb7 31. Rxa6 Rxb4 32. Rxd6 Rb2 33. Ne2 Re8 34. g4 Nf6 35. g5 Nh5 36. Rd7+ Kg8 37. Rd5 e4 38. Rd4 Rb1+ 39. Kg2 Rf8 40. Rdxe4 Rbf1 41. Re8 R1f2+ 42. Kg1 R2f5 43. Rxf8+ Kxf8 44. h4 Ra5 45. Rf3+ Ke7 46. Kg2 Ra2 47. Re3+ Kd6 48. Kf3 Ra1 49. Ng3 Ng7 50. Ne4+ Ke5 51. Ng3+ Kd5 52. Rd3+ Ke6 53. Re3+ Kf7 54. Kg4 Ne6 55. Rf3+ Kg7 56. Kh3 Ra4 57. Re3 Kf7 58. Ne4 Rd4 59. Kg3 Ng7 60. Kh3 Nf5 61. Re2 Ra4 62. Re1 Ra3+ 63. Kh2 Nxh4 64. Nd6+ Kg7 65. Re7+ Kf8 66. Re8+ Kg7 67. Re7+ Kf8 68. Re8+ Kg7 1/2-1/2

[Event "Basel op"]
[Site "Basel"]
[Date "2016.01.03"]
[Round "4"]
[White "Doeserich, Juergen"]
[Black "Heinatz, Maria"]
[Result "1-0"]
[WhiteElo "2047"]
[BlackElo "1997"]
[PlyCount "71"]
[EventDate "2016.01.01"]
[EventType "swiss"]
[EventRounds "7"]
[EventCountry "SUI"]
[SourceTitle "CBM 170 Extra"]
[Source "ChessBase"]
[SourceDate "2016.02.25"]
[SourceVersion "1"]
[SourceVersionDate "2016.02.25"]
[SourceQuality "1"]

1. d4 Nf6 2. c4 d6 3. Nf3 g6 4. Nc3 Bg7 5. e4 Bg4 6. Be3 Nfd7 7. Be2 0-0 8. Nd2 Bxe2 9. Qxe2 c5 10. Nb3 cxd4 11. Nxd4 Nc6 12. Rd1 Qa5 13. 0-0 Rac8 14. Nd5 Rfe8 15. b3 Nf6 16. f3 a6 17. Qf2 Nxd5 18. Nxc6 bxc6 19. exd5 c5 20. Rfe1 Qc7 21. Kh1 Rb8 22. Bg5 a5 23. Qh4 Rb7 24. Rd3 a4 25. f4 f6 26. Bh6 Kf7 27. f5 Rh8 28. Rh3 axb3 29. axb3 Qa5 30. Bxg7 Kxg7 31. Qh6+ Kg8 32. Rhe3 g5 33. h4 Kf7 34. Qh5+ Kf8 35. hxg5 fxg5 36. f6 1-0

[Event "Vellmar op-A 5th"]
[Site "Vellmar"]
[Date "2013.07.27"]
[Round "4"]
[White "Meyner, Hannes"]
[Black "Doeserich, Juergen"]
[Result "1/2-1/2"]
[WhiteElo "2251"]
[BlackElo "2092"]
[PlyCount "83"]
[EventDate "2013.07.25"]
[EventType "swiss"]
[EventRounds "7"]
[EventCountry "GER"]
[SourceTitle "EXT 2015"]
[Source "ChessBase"]
[SourceDate "2014.11.20"]
[SourceVersion "1"]
[SourceVersionDate "2014.11.20"]
[SourceQuality "1"]

1. d4 d5 2. c4 c6 3. Nf3 Nf6 4. e3 e6 5. Nc3 Nbd7 6. Qc2 Bd6 7. Bd3 0-0 8. 0-0 e5 9. cxd5 cxd5 10. e4 exd4 11. Nxd5 Nxd5 12. exd5 h6 13. Nxd4 Qh4 14. Nf3 Qh5 15. Qc4 Nf6 16. Bf4 Bxf4 17. Qxf4 Nxd5 18. Qg3 Rd8 19. Rfe1 Qg4 20. Qe5 Be6 21. Re4 Qf5 22. Qg3 Qf6 23. Nd4 Bd7 24. Bc4 Bc6 25. Rae1 g5 26. Re5 Nf4 27. Nxc6 Qxc6 28. Bxf7+ Kxf7 29. Rf5+ Kg8 30. Rxf4 Qe6 31. Rf1 Kh7 32. Rb4 Rd7 33. h4 gxh4 34. Rxh4 Rg8 35. Qh3 Qxh3 36. Rxh3 Rdg7 37. g3 Rd8 38. Rh4 Rd2 39. Rb4 Rf7 40. Rb3 h5 41. g4 Kg6 42. f3 1/2-1/2